| 000 | 00606pam a2200193 a 4500 | ||
|---|---|---|---|
| 020 | _c | ||
| 040 | _aNMHR_425001 | ||
| 041 | _aeng | ||
| 082 |
_a515.33 _bSNE |
||
| 100 | _aSheddon, I N | ||
| 245 |
_aElements of Partial Differential Equations _cby Jan Sheddon _hTextual Documents |
||
| 250 | _a1st ed | ||
| 260 |
_aLondon _bMcGraw-Hill Book Company _c1957 |
||
| 300 |
_a327p _b176 Figures _c20.8 x 14.8 cm |
||
| 365 |
_aRs.218.95 _ePaper Back |
||
| 500 | _aThis document contains back index from page no. 323 to 327 | ||
| 504 | _aThis document does not contain any kind of bibliography | ||
| 930 | _a11049 | ||
| 999 |
_c87952 _d87952 |
||